000 00606 a2200193 4500
010 _aENG-89246
020 _c250.00
035 _aEN-72779
037 _bDBAD / PUB
082 1 4 _a220.25
090 _c10626
_d10626
100 1 _aSharma, Kundan Lal
245 1 _aThe Dharma sutras /
_cby Kundan Lal Sharma
260 _aMuzaffar Nagar
_bPushpawati Sharma
_c2006
270 _a848, South Bhopa Road,
_bMuzaffar Nagar
_cU.P.
300 _avi, 180p.
_c22cm (Hb)
942 _adpl
_cEN
_k220.25 / SHA
999 _c10338
_d10338